000 00399nam a22001697a 4500
003 MPLRDC
005 20220104143846.0
008 210129b ||||| |||| 00| 0 eng d
082 _a857.7 XXF v.11 c.2
100 _a玄小佛
245 _a昨日雨潇潇
_c
250 _a五版
260 _a
_b汉麟文艺
_c1979
300 _b
650 _a长篇小说
942 _cBK
_o857.7 XXF v.11 c.2
999 _c44038
_d44028